[Event "Bratto op 23rd"]
[Site "Bratto"]
[Date "2003.08.24"]
[Round "4"]
[White "Battaggia, Piergiorgio"]
[Black "Barletta, Antonio"]
[Result "0-1"]
[WhiteElo "2110"]
[BlackElo "2053"]
[PlyCount "46"]
[EventDate "2003.08.21"]
[EventType "swiss"]
[EventRounds "9"]
[EventCountry "ITA"]
[SourceTitle "EXT 2004"]
[Source "ChessBase"]
[SourceDate "2003.11.25"]
[SourceVersion "1"]
[SourceVersionDate "2003.11.25"]
[SourceQuality "1"]

1. d4 Nf6 2. Nf3 e6 3. c4 c5 4. e3 d5 5. Nc3 Nc6 6. a3 Be7 7. dxc5 Bxc5 8. cxd5 exd5 9. Bb5 0-0 10. 0-0 Bd6 11. h3 Bc7 12. Ne2 Qd6 13. Bxc6 bxc6 14. Ng3 Re8 15. b4 Ne4 16. Nxe4 Rxe4 17. Bb2 Bd7 18. Kh1 Rae8 19. Qd2 R8e6 20. Qc3 Rg6 21. Qc5 Bxh3 22. gxh3 Qe6 23. Ng1 Rh4 0-1

[Event "Lido degli Estensi op 4th"]
[Site "Lido degli Estensi"]
[Date "2003.06.14"]
[Round "8"]
[White "Voltolini, Giuseppe"]
[Black "Barletta, Antonio"]
[Result "1-0"]
[WhiteElo "2264"]
[BlackElo "2070"]
[PlyCount "51"]
[EventDate "2003.06.06"]
[EventType "swiss"]
[EventRounds "9"]
[EventCountry "ITA"]
[SourceTitle "CBM 094 Extra"]
[Source "ChessBase"]
[SourceDate "2003.07.09"]
[SourceVersion "2"]
[SourceVersionDate "2003.07.09"]
[SourceQuality "1"]

1. e4 c5 2. Nf3 d6 3. Bb5+ Bd7 4. Bxd7+ Qxd7 5. c4 Nf6 6. Nc3 Nc6 7. d4 cxd4 8. Nxd4 g6 9. f3 Bg7 10. Nde2 0-0 11. 0-0 Rac8 12. b3 Rfd8 13. Bg5 h6 14. Bh4 g5 15. Bf2 e6 16. Qc1 b6 17. Rd1 Qb7 18. Qe3 Rd7 19. Rac1 Rcd8 20. h3 d5 21. cxd5 exd5 22. Nxd5 Nxd5 23. exd5 Rxd5 24. Rxd5 Rxd5 25. Qe8+ Kh7 26. Qe4+ 1-0

[Event "Lido degli Estensi op 4th"]
[Site "Lido degli Estensi"]
[Date "2003.06.13"]
[Round "7"]
[White "Barletta, Antonio"]
[Black "Thompson, Ian D"]
[Result "1/2-1/2"]
[WhiteElo "2070"]
[BlackElo "2290"]
[PlyCount "141"]
[EventDate "2003.06.06"]
[EventType "swiss"]
[EventRounds "9"]
[EventCountry "ITA"]
[SourceTitle "CBM 094 Extra"]
[Source "ChessBase"]
[SourceDate "2003.07.09"]
[SourceVersion "2"]
[SourceVersionDate "2003.07.09"]
[SourceQuality "1"]

1. e4 e6 2. d4 d5 3. Nc3 Bb4 4. Nge2 dxe4 5. a3 Bxc3+ 6. Nxc3 Nc6 7. Bb5 Nge7 8. Nxe4 0-0 9. c3 e5 10. dxe5 Qxd1+ 11. Kxd1 Nxe5 12. Re1 a6 13. Bf1 Bf5 14. Bf4 N7g6 15. Bxe5 Nxe5 16. Ng3 Rad8+ 17. Kc1 Rfe8 18. Rd1 Bd3 19. b3 Bxf1 20. Rxf1 Nd3+ 21. Kc2 Nf4 22. Rg1 h5 23. Rad1 Rxd1 24. Kxd1 h4 25. Nf5 Ne2 26. Rf1 Nxc3+ 27. Kc2 Nb5 28. a4 Re5 29. Nxh4 Nd4+ 30. Kc3 c5 31. g3 Re2 32. b4 b6 33. a5 Nb5+ 34. Kd3 Re6 35. bxc5 bxc5 36. Rc1 Rc6 37. Nf5 Kf8 38. Ke4 g6 39. Ne3 Ke7 40. Kd5 Kd7 41. Rxc5 Rd6+ 42. Kc4 Nd4 43. Rd5 Nc6 44. Kc5 Rxd5+ 45. Nxd5 Nxa5 46. h4 Nb7+ 47. Kb6 Nd6 48. Kxa6 Ne4 49. Kb5 Nxf2 50. Kc4 Ke6 51. Kd4 Ng4 52. Ne3 Ne5 53. Ke4 f6 54. Kf4 Nd3+ 55. Ke4 Nf2+ 56. Kf3 Nd3 57. Ke4 Nc5+ 58. Kf4 Kf7 59. Nd5 Nd3+ 60. Kf3 Nc5 61. Kf4 Ne6+ 62. Ke4 Ng7 63. Kf4 Ke6 64. Ne3 Nh5+ 65. Kf3 f5 66. g4 fxg4+ 67. Kxg4 Kf6 68. Nd5+ Kg7 69. Kg5 Ng3 70. Nf4 Ne4+ 71. Kg4 1/2-1/2